[Event "Saint Louis Invitational-B 2019"]
[Site "Saint Louis"]
[Date "2019.11.21"]
[Round "1.1"]
[White "Kiewra, Keaton"]
[Black "Proleiko, Julian"]
[Result "1/2-1/2"]
[WhiteElo "2372"]
[BlackElo "2170"]
[Annotator "TA"]
[PlyCount "67"]
[EventDate "2019.11.21"]
[EventType "tourn"]
[EventCountry "USA"]
[SourceTitle "playchess.com"]
[Source "ChessBase"]
[SourceQuality "1"]

{[%evp 10,67,20,0,36,13,18,0,0,0,0,0,16,8,5,0,0,0,0,0,24,0,4,-40,-13,-62,-63,-72,-70,-64,-74,-73,-72,-66,-64,-61,-63,-78,-79,-73,-72,-76,-70,-75,-74,-72,-73,-86,-72,-71,-50,-85,-79,-80,-72,-72,0,-79,-81,-85]} 1. d4 d5 2. c4 c6 3. cxd5 cxd5 4. Nc3 Nf6 5. Nf3 Nc6 6. Ne5 Nd7 {D13: Slav Defence: Exchange variation without ...Bf5} (6... e6 {feels hotter.} 7. a3 Be7 8. Bf4 Nh5 9. Bd2 Nf6) (6... e6 7. Nxc6 bxc6 {½-½ (7) Kurajica,B (2555)-Predojevic,B (2652) Banja Vrucica 2009}) 7. Nxc6 bxc6 8. g3 e6 {The position is equal.} 9. Bg2 Be7 10. O-O O-O 11. Bf4 a5 $146 ({Predecessor:} 11... Ba6 12. Qa4 Bb7 13. Rac1 Nb6 14. Qb3 {1-0 (44) Sambuev,B (2522)-Niemann,H (2254) Calgary 2017}) 12. e4 Ba6 13. Re1 Nf6 14. Rc1 dxe4 15. Nxe4 Nd5 16. Bd2 Qb6 17. Qc2 Qxd4 18. Bxa5 Bd3 19. Qd2 {[#]} Rxa5 $1 {[%mdl 576] Decoy} 20. Qxa5 Bb4 {[%mdl 64] Double Attack} 21. Qa4 {Strongly threatening a3.} Qxb2 22. Red1 Be2 23. Qxc6 {[#] Black must now prevent Rc2.} Bxd1 24. Rxd1 Qxa2 25. Rc1 Qb2 26. Qc2 Qe5 27. h4 g6 28. Qc4 Rb8 29. Ng5 Be7 30. Nf3 Qb2 31. Rc2 Qb1+ 32. Rc1 Qb2 33. Rc2 $1 {[%cal Rc2b2]} Qa1+ 34. Rc1 {Accuracy: White = 57%, Black = 77%.} 1/2-1/2

[Event "Saint Louis Invitational-B 2019"]
[Site "Saint Louis"]
[Date "2019.11.21"]
[Round "1.2"]
[White "Torres Rosas, Luis Carlos"]
[Black "Krykun, Yuriy"]
[Result "1-0"]
[WhiteElo "2360"]
[BlackElo "2382"]
[Annotator "TA"]
[PlyCount "71"]
[EventDate "2019.11.21"]
[EventType "tourn"]
[EventCountry "USA"]
[SourceTitle "playchess.com"]
[Source "ChessBase"]
[SourceQuality "1"]

{[%evp 21,71,20,24,-30,-27,-58,-12,-12,0,-14,-15,-16,-12,-19,104,96,100,97,110,108,119,99,117,92,97,90,96,72,108,83,100,80,101,64,114,68,71,47,47,47,130,133,374,377,372,363,583,576,592,582,586,586]} 1. d4 Nf6 2. c4 e6 3. Nf3 d5 4. Nc3 dxc4 5. e3 a6 6. a4 c5 7. Bxc4 Nc6 8. O-O Be7 9. Qe2 cxd4 10. Rd1 e5 11. exd4 exd4 12. Ne5 {D27: Queen's Gambit Accepted: Classical main line: 7 e4!? and 7 a4} (12. Nxd4 $142 Nxd4 13. Qe5) 12... O-O $11 13. Bf4 {[#]} Na5 $146 (13... Bd7 $5 14. Nd5 Nxd5 15. Bxd5 Bf6 $15) ({Predecessor:} 13... Bd7 14. Nd5 Nxd5 15. Bxd5 Bf6 16. Nc4 Re8 17. Qh5 Be6 18. Bxc6 bxc6 19. Nd6 Re7 {1-0 (32) Jianu,V (2506)-Popov,V (2589) Dresden 2007}) 14. Ba2 {The position is equal.} Bf5 15. Nxf7 Rxf7 16. Qe5 Bd7 17. Qxd4 Bg4 {[#]} (17... Qf8 $11) 18. Qe5 $1 $16 Bxd1 19. Rxd1 ({Avoid the trap} 19. Bxf7+ $2 Kxf7 20. Rxd1 Qb6 $19) 19... Qf8 {...Nc6 is the strong threat.} 20. Qxa5 Rd8 21. Qb6 {aiming for Rxd8.} Rxd1+ 22. Nxd1 Qd8 23. Qxd8+ Bxd8 24. Ne3 g6 25. Bh6 {[%mdl 1024] White has strong compensation.} Bb6 26. Be6 Ne4 27. a5 Bd4 28. b3 Nc5 29. Bc4 Bg7 30. Bf4 Bc3 {[#]} (30... Nd3 $14 31. Bd6 (31. Bxf7+ Kxf7 32. Bg5 h6 $11) 31... Nb2) 31. Ng4 $1 {[%cal Rg4h6] Black must now prevent Nh6+.} (31. Bxf7+ Kxf7 32. Nc4 Nxb3 $17) 31... Kg7 $2 (31... Bg7 $16 {was called for.} 32. Nh6+ Bxh6 33. Bxh6 Nd7) 32. Bh6+ $18 Kg8 33. Be3 Nd7 $2 (33... Kg7 {is a better defense.} 34. Bxf7 (34. Bxc5 Rd7 $18) 34... Kxf7) 34. Nh6+ {[%mdl 64] Double Attack, Pin. White is clearly winning.} Kf8 {Strongly threatening ...Re7.} 35. Nxf7 Bxa5 36. Ng5 {Accuracy: White = 58%, Black = 25%.} 1-0

[Event "Saint Louis Invitational-B 2019"]
[Site "Saint Louis"]
[Date "2019.11.21"]
[Round "1.3"]
[White "Stearman, Josiah"]
[Black "Cervantes Landeiro, Thalia"]
[Result "1-0"]
[WhiteElo "2341"]
[BlackElo "2227"]
[Annotator "TA"]
[PlyCount "87"]
[EventDate "2019.11.21"]
[EventType "tourn"]
[EventCountry "USA"]
[SourceTitle "playchess.com"]
[Source "ChessBase"]
[SourceQuality "1"]

{[%evp 16,87,42,44,35,23,44,30,22,39,30,27,47,-6,-8,-5,112,121,137,130,114,0,79,87,79,93,86,86,86,92,103,-22,-10,-20,69,75,318,0,0,0,0,0,0,0,0,0,0,0,14,0,30,26,53,58,66,72,123,120,137,132,215,212,392,394,544,534,500,372,368,354,352,347,624,613]} 1. d4 Nf6 2. c4 g6 3. f3 d5 4. cxd5 Nxd5 5. e4 Nb6 6. Nc3 Bg7 7. Be3 O-O 8. Qd2 Nc6 9. O-O-O $1 Qd6 {D70: Grünfeld: Unusual White 3rd moves (met by ...d5)} (9... f5 10. e5 f4 11. Bf2 Nb4 12. a3 a5 13. h4 Be6 14. Nh3 Na2+ 15. Nxa2 Bxa2 16. d5 Qxd5 17. Qxd5+ Nxd5 {½-½ (36) So,W (2754)-Carlsen,M (2875) Stavanger 2019}) 10. Kb1 Rd8 {[%cal Rg7d4]} 11. Nb5 Qd7 {White should prevent ...a6.White has an edge.} 12. d5 a6 13. Nc3 Qe8 14. Qe1 ({White should try} 14. Qc1 $14 Ne5 15. Be2) 14... Na7 $11 15. h4 {[#]} e6 $146 (15... Nb5 $1 $11) ({Predecessor:} 15... Nb5 16. Nge2 Nc4 17. Bd4 Nxd4 18. Nxd4 {½-½ (40) Gelfand,B (2740)-Caruana,F (2757) Zuerich 2013}) 16. h5 $1 $16 Qe7 17. hxg6 fxg6 18. Qg3 (18. Bd3 $16) 18... exd5 (18... Bxc3 $1 $11 {keeps the balance.} 19. bxc3 Na4) 19. Bxb6 $1 cxb6 20. Nxd5 Rxd5 21. Rxd5 Be6 22. Qd6 $1 {[%cal Rd6e7]} Qf6 {[%csl Gg7][%cal Rf6b2] [#]} 23. e5 (23. Rd2 $1 $16) 23... Qf7 $11 24. Bc4 $1 Qf5+ (24... Bf8 $2 {[#]} 25. Qxe6 $1 {[%mdl 512]} Qxe6 26. Rd4 $18) ({Black should play} 24... Re8 $11 25. Bb3 Nc6) 25. Ka1 $1 $14 {And now Ne2 would win.} Rc8 $2 (25... Bxd5 $16 26. Bxd5+ (26. Qxd5+ Kh8 $11) 26... Kh8) 26. Qe7 $2 ({Not} 26. Qxb6 Rxc4 27. Rd8+ Bf8 $17) (26. Nh3 $18 Bf8 27. g4) 26... Bxd5 $11 27. Bxd5+ Kh8 {[%cal Rc8c1]} 28. Nh3 Bxe5 ({Wrong is} 28... Qxe5 $2 29. Qxe5 Bxe5 30. Ng5 $18) 29. Be4 $40 {[%mdl 128] White wants to mate with Ng5. White mounts an attack.} Qf6 30. Qxf6+ Bxf6 31. Nf4 {Nxg6+ is the strong threat.} Kg7 32. Kb1 Be5 33. Nd3 Bf6 34. Bxb7 Re8 35. Bxa6 Re2 (35... Nc6 $142) 36. Rc1 $16 Kh6 37. a4 Kg5 (37... Kg7 $16 38. Rc7+ Re7 39. Rxe7+ Bxe7) 38. f4+ $18 Kh4 $2 (38... Kf5 39. g4+ Kxg4) 39. Rh1+ Kg3 {If Black can now play ...Re7 this consolidates a bit.} 40. Bb7 Rd2 41. Kc1 Rxd3 42. Rh3+ Kxf4 {Threatens to win with ...Rxh3.} 43. Rxd3 h5 $2 (43... Ke5 44. Rd7 h6) 44. Rd6 {Accuracy: White = 68%, Black = 36%.} 1-0

[Event "Saint Louis Invitational-B 2019"]
[Site "Saint Louis"]
[Date "2019.11.21"]
[Round "1.4"]
[White "Polgar-Shutzman, Tom"]
[Black "Grabinsky, Aaron"]
[Result "0-1"]
[WhiteElo "2234"]
[BlackElo "2338"]
[Annotator "TA"]
[PlyCount "186"]
[EventDate "2019.11.21"]
[EventType "tourn"]
[EventCountry "USA"]
[SourceTitle "playchess.com"]
[Source "ChessBase"]
[SourceQuality "1"]

{[%evp 12,186,1,10,33,25,25,14,73,77,70,52,79,44,67,45,93,89,90,88,143,153,125,68,68,68,76,74,88,28,15,25,53,41,66,71,106,39,58,31,60,56,69,8,8,8,8,8,14,13,19,0,0,-14,-12,-18,-20,-43,-43,-46,-33,-33,-33,-44,-29,-83,-18,-18,-12,-12,-12,-12,-12,-12,-12,-12,0,-12,-12,-12,-12,-12,-12,-27,0,0,0,0,0,0,0,0,0,0,0,0,0,0,0,0,0,0,0,0,0,0,0,0,0,0,0,0,0,0,0,0,0,0,0,0,0,0,0,0,0,0,0,0,0,0,0,0,0,0,0,0,0,0,0,0,0,0,0,-70,-70,-80,-81,-81,-73,-63,-63,-75,-83,-80,-83,-110,-52,-144,-153,-4618,-4614,-29971,-29974,-29974,-29975,-29979,-29980,-29980,-29981,-29981,-29982,-29983,-29984,-29984,-29985,-29985,-29986]} 1. Nf3 Nf6 2. c4 d6 3. d4 g6 4. b3 Bg7 5. Bb2 O-O 6. g3 Nbd7 7. Bg2 Rb8 {E60: King's Indian: Unusual lines and Fianchetto Variation without Nc3} (7... c6 8. O-O Re8 9. Nc3 e5 10. e4 exd4 11. Nxd4 Nc5 12. Re1 Ng4 13. h3 Ne5 14. Re3 Qb6 15. Nc2 a5 16. Bf1 Be6 17. Rb1 a4 18. b4 Ncd7 19. Na3 Qxb4 20. Bc1 {½-½ (41) Caruana,F (2816)-Grischuk,A (2766) Paris 2018}) 8. O-O a6 9. Qc2 c6 (9... c5 $11) 10. e4 $16 Qc7 $146 ({Predecessor:} 10... b5 11. e5 Ne8 12. Re1 Nb6 13. cxb5 cxb5 14. Nc3 Bb7 15. Qe2 Nc7 16. h4 {1-0 (45) Klaric,Z (2400)-Petit,E (2265) Bordeaux 1990}) 11. Nbd2 c5 12. d5 (12. e5 $5 {[%cal Re5f6]} Nh5 13. exd6 exd6 14. a4 $16) 12... b5 13. Rfe1 bxc4 14. Nxc4 Nb6 15. Nfd2 Nfd7 (15... Nxc4 $142 16. Nxc4 Nd7) 16. Bxg7 Kxg7 17. Rad1 (17. Qc3+ $16 Kg8 18. f4) 17... Nxc4 $14 18. Nxc4 Nb6 19. Qc3+ Kg8 20. Nxb6 (20. Na5 $16) 20... Qxb6 $11 21. e5 Bg4 22. Rc1 Qb4 23. Qe3 {Threatens to win with Rc4.} Bd7 24. Qh6 (24. Rc4 $16 Qa5 25. Rc2) 24... Bf5 $14 25. Re2 {Hoping for Rc4.} Qg4 26. Rd2 f6 27. Rc4 (27. exd6 $14 exd6 28. h4) 27... Qg5 $11 28. Qxg5 fxg5 29. Ra4 Rb6 30. Bf1 Bc8 31. exd6 exd6 32. Re4 Bd7 33. Re7 Rf7 $1 {[%cal Rf7e7]} 34. Rde2 a5 35. R2e4 Rb4 36. Bc4 Kf8 37. Rxf7+ Kxf7 $15 {[%mdl 4096] Endgame KRB-KRB} 38. g4 (38. f3 $11 {keeps the balance.}) 38... a4 (38... Bb5 $1 $17) 39. Kg2 $11 axb3 40. axb3 Rb8 41. h3 Kf6 42. Re2 Ra8 43. Kh2 Ra1 44. Kg2 h5 45. f3 Ra8 46. Kf2 h4 47. Kg2 Rd8 48. Kf2 Be8 49. Re6+ Kg7 50. Re7+ Bf7 51. Ra7 Kf6 52. Rb7 Bg8 53. Ra7 Ke5 54. Re7+ Kf6 55. Ra7 Re8 56. Ra2 Re7 57. Ra1 Bf7 58. Ra2 Rb7 59. Ra1 Ke5 60. Re1+ Kf6 61. Ra1 Rb8 62. Ra2 Re8 63. Ra1 Ke5 64. Ra2 Kd4 65. Ra1 Re7 66. Ra6 Rd7 67. Ra1 Rd8 68. Ra2 Bg8 69. Ra1 Re8 70. Ra6 Rd8 71. Ra1 Rf8 72. Ra2 Rb8 73. Ra6 Ke5 74. Ra1 Bf7 75. Re1+ Kf6 76. Ra1 Be8 77. Ra5 (77. Ra2 $11) 77... Ke5 $1 $15 78. Ra1 {[#]} Bb5 $1 79. Re1+ Kd4 80. Re4+ Kc3 81. Re3+ Kb4 82. Re6 Bxc4 83. bxc4 $17 {KR-KR} Rb6 84. Rxg6 Kxc4 85. Rxg5 $2 {[#]} (85. Ke3 $17) 85... Kd3 $1 $19 86. Rg8 Rb2+ {Black mates.} 87. Kg1 c4 88. g5 c3 89. Rc8 c2 90. g6 Rb1+ 91. Kf2 c1=Q 92. Rxc1 Rxc1 93. g7 Rc8 {Accuracy: White = 67%, Black = 61%.} 0-1

[Event "Saint Louis Invitational-B 2019"]
[Site "Saint Louis"]
[Date "2019.11.21"]
[Round "1.5"]
[White "Gauri, Shankar"]
[Black "Arias Santana, Mauricio"]
[Result "1/2-1/2"]
[WhiteElo "2340"]
[BlackElo "2292"]
[Annotator "TA"]
[PlyCount "89"]
[EventDate "2019.11.21"]
[EventType "tourn"]
[EventCountry "USA"]
[SourceTitle "playchess.com"]
[Source "ChessBase"]
[SourceQuality "1"]

{[%evp 18,89,45,23,36,27,32,24,31,39,40,40,40,20,28,26,23,34,56,47,52,52,54,39,56,59,52,45,70,60,72,60,95,50,33,-2,0,0,0,0,8,0,3,2,10,-22,60,0,6,-11,0,-9,-10,-21,0,-18,0,0,0,0,0,0,0,0,0,0,0,0,0,0,0,0,0,0]} 1. d4 Nf6 2. Nf3 c5 3. d5 g6 4. Nc3 Bg7 5. e4 d6 6. Bb5+ Bd7 7. a4 O-O 8. O-O Bxb5 9. axb5 Nbd7 10. h3 Ne8 {A43: Schmid Benoni} 11. Bg5 (11. Qe2 Nc7 12. Bf4 Nb6 13. Rfd1 Qd7 14. e5 f6 15. exd6 exd6 16. Ra5 Rfe8 17. Qd3 f5 18. Rda1 {½-½ (40) Navara,D (2725)-Martinovic,S (2550) Tallinn 2016}) 11... Nc7 12. Qd2 Nb6 {White has an edge.} 13. Bh6 Qd7 14. Bxg7 Kxg7 15. Qe2 a6 $146 ({Predecessor:} 15... f6 16. Nd2 a6 17. bxa6 Rxa6 18. b3 Rxa1 19. Rxa1 {1-0 (51) Langheinrich,F (2444)-Kasparova,T (2132) Davos 2014}) 16. bxa6 Rxa6 17. Rxa6 bxa6 18. Ra1 Ra8 19. Ra5 e6 20. dxe6 Qxe6 21. b3 Re8 22. Qd2 Re7 23. Ra1 h6 24. Rd1 Nb5 25. Nxb5 (25. Qd3 {keeps more tension.} Rb7 26. Nd2 Nd7 27. f4 Nf6 28. Nc4) 25... axb5 26. Kh2 ({Don't go for} 26. Qxd6 $2 Rd7 $19) 26... Nc8 27. Re1 b4 28. Kg1 Kh7 29. Qf4 Na7 30. e5 d5 31. Ra1 Nb5 (31... Nc6 $11) 32. Ra5 (32. Qh4 $1 $14 Kg7 33. Ra5) 32... Nc3 $11 {The position is equal.} 33. Qh4 Ne4 34. Ra8 Kg7 35. Qf4 g5 36. Qc1 Qf5 37. Qa1 h5 {[#] White must now prevent ...g4.} 38. Qa5 {And now Qd8! would win.} Rd7 {Threatens to win with ...g4.} 39. Qb6 {Hoping for Qb8.} Qf4 40. Qb8 Qc1+ 41. Kh2 Qf4+ 42. Kg1 Qc1+ 43. Kh2 Qf4+ 44. Kg1 Qc1+ 45. Kh2 {Accuracy: White = 65%, Black = 61%.} 1/2-1/2

[Event "Saint Louis Invitational-B 2019"]
[Site "Saint Louis"]
[Date "2019.11.22"]
[Round "2.1"]
[White "Proleiko, Julian"]
[Black "Arias Santana, Mauricio"]
[Result "1/2-1/2"]
[WhiteElo "2170"]
[BlackElo "2292"]
[Annotator "ChessBase"]
[PlyCount "77"]
[EventDate "2019.11.21"]
[EventType "tourn"]
[EventCountry "USA"]
[SourceTitle "playchess.com"]
[Source "ChessBase"]
[SourceQuality "1"]
[TimeControl "5400+30"]

1. d4 {[%emt 0:00:00]} Nf6 {[%emt 0:01:33]} 2. Nf3 {[%emt 0:00:00]} c5 {[%emt 0:00:05]} 3. d5 {[%emt 0:00:00]} g6 {[%emt 0:00:31]} 4. Nc3 {[%emt 0:00:00]} Bg7 {[%emt 0:00:06]} 5. e4 {[%emt 0:00:05]} d6 {[%emt 0:00:03]} 6. Be2 {[%emt 0:00:06]} O-O {[%emt 0:00:08]} 7. O-O {[%emt 0:00:04]} Bg4 {[%emt 0:00:07]} 8. Nd2 {[%emt 0:00:20]} Bxe2 {[%emt 0:00:07]} 9. Qxe2 {[%emt 0:00:03]} Nbd7 {[%emt 0:00:18]} 10. Nc4 {[%emt 0:00:19]} Ne8 {[%emt 0:05:08]} 11. Bf4 {[%emt 0:01:42]} f6 {[%emt 0:00:27]} 12. Bg3 {[%emt 0:02:57]} Nc7 {[%emt 0:00:10]} 13. a4 {[%emt 0:00:08]} Ne5 {[%emt 0:04:26]} 14. Nxe5 {[%emt 0:00:56]} fxe5 {[%emt 0:00:09]} 15. Nd1 {[%emt 0:06:33]} Qd7 {[%emt 0:05:15]} 16. Ne3 {[%emt 0:00:18]} Ne8 {[%emt 0:09:34]} 17. f3 {[%emt 0:12:43]} Nf6 {[%emt 0:00:21]} 18. Qb5 {[%emt 0:00:53]} Qc8 {[%emt 0:01:20]} 19. Bh4 {[%emt 0:03:04]} Bh6 {[%emt 0:08:39]} 20. Qe2 {[%emt 0:04:34]} Rf7 {[%emt 0:03:14]} 21. Ng4 {[%emt 0:03:53]} Bg7 {[%emt 0:10:31]} 22. Nxf6+ {[%emt 0:01:44]} exf6 {[%emt 0:01:57]} 23. c3 {[%emt 0:02:02]} f5 {[%emt 0:04:02]} 24. Bg5 {[%emt 0:00:12]} Qd7 {[%emt 0:09:25]} 25. Qb5 {[%emt 0:01:09]} Raf8 {[%emt 0:02:09]} 26. Qxd7 {[%emt 0:00:13]} Rxd7 {[%emt 0:00:01]} 27. Be3 {[%emt 0:00:28]} Rc8 {[%emt 0:01:33]} 28. Kf2 {[%emt 0:00:51]} h5 {[%emt 0:00:07]} 29. Ke2 {[%emt 0:00:15]} Kh7 {[%emt 0:00:16]} 30. g4 {[%emt 0:08:46]} hxg4 {[%emt 0:06:00]} 31. fxg4 {[%emt 0:00:11]} f4 {[%emt 0:00:02]} 32. Bf2 {[%emt 0:00:16]} Bf6 {[%emt 0:00:02]} 33. h4 {[%emt 0:00:15]} Bd8 {[%emt 0:00:04]} 34. Kf3 {[%emt 0:00:37]} Ba5 {[%emt 0:02:31]} 35. g5 {[%emt 0:03:14]} Kg7 {[%emt 0:07:15]} 36. Kg4 {[%emt 0:00:40]} Rdd8 {[%emt 0:01:32]} 37. Rh1 {[%emt 0:00:24]} Rh8 {[%emt 0:00:02]} 38. Rh3 {[%emt 0:01:12]} c4 {[%emt 0:00:59]} 39. Rah1 {[%emt 0:01:00]} 1/2-1/2

[Event "Saint Louis Invitational-B 2019"]
[Site "Saint Louis"]
[Date "2019.11.22"]
[Round "2.2"]
[White "Grabinsky, Aaron"]
[Black "Gauri, Shankar"]
[Result "1/2-1/2"]
[WhiteElo "2338"]
[BlackElo "2340"]
[Annotator "ChessBase"]
[PlyCount "97"]
[EventDate "2019.11.21"]
[EventType "tourn"]
[EventCountry "USA"]
[SourceTitle "playchess.com"]
[Source "ChessBase"]
[SourceQuality "1"]
[TimeControl "5400+30"]

1. e4 {[%emt 0:00:00]} e5 {[%emt 0:00:41]} 2. Bc4 {[%emt 0:00:09]} Nf6 {[%emt 0:00:14]} 3. d3 {[%emt 0:00:06]} Bc5 {[%emt 0:01:59]} 4. Nf3 {[%emt 0:02:26]} d6 {[%emt 0:01:24]} 5. c3 {[%emt 0:01:06]} O-O {[%emt 0:17:44]} 6. O-O {[%emt 0:00:58]} Bb6 {[%emt 0:01:30]} 7. Re1 {[%emt 0:01:12]} Re8 {[%emt 0:04:17]} 8. Nbd2 {[%emt 0:01:49]} Nbd7 {[%emt 0:03:00]} 9. Bb3 {[%emt 0:01:46]} c6 {[%emt 0:02:53]} 10. Nf1 {[%emt 0:00:55]} Nf8 {[%emt 0:18:16]} 11. Ng3 {[%emt 0:00:42]} Be6 {[%emt 0:02:43]} 12. Bc2 {[%emt 0:06:05]} h6 {[%emt 0:02:55]} 13. h3 {[%emt 0:02:05]} c5 {[%emt 0:09:56]} 14. Nh4 {[%emt 0:04:18]} d5 {[%emt 0:06:01]} 15. Qf3 {[%emt 0:03:34]} d4 {[%emt 0:03:10]} 16. c4 {[%emt 0:02:34]} Ng6 {[%emt 0:03:58]} 17. Nhf5 {[%emt 0:02:24]} Bc7 {[%emt 0:00:46]} 18. Ba4 {[%emt 0:03:33]} Rf8 {[%emt 0:00:32]} 19. Nf1 {[%emt 0:10:16]} Bxf5 {[%emt 0:13:24]} 20. exf5 {[%emt 0:00:13]} Nh4 {[%emt 0:00:05]} 21. Qxb7 {[%emt 0:00:45]} Rb8 {[%emt 0:00:23]} 22. Qa6 {[%emt 0:04:41]} Rb6 {[%emt 0:02:33]} 23. Qxa7 {[%emt 0:03:03]} Qd6 {[%emt 0:02:30]} 24. Bb5 {[%emt 0:01:09]} Nxf5 {[%emt 0:00:28]} 25. Qa4 {[%emt 0:00:50]} Nh4 {[%emt 0:00:25]} 26. Qd1 {[%emt 0:02:40]} Qe6 {[%emt 0:00:41]} 27. Ng3 {[%emt 0:00:48]} Qc8 {[%emt 0:00:15]} 28. Ne4 {[%emt 0:05:44]} Nxe4 {[%emt 0:00:44]} 29. Rxe4 {[%emt 0:00:35]} Ng6 {[%emt 0:00:27]} 30. Re1 {[%emt 0:10:36]} Qb7 {[%emt 0:00:02]} 31. Qe2 {[%emt 0:10:54]} f5 {[%emt 0:00:18]} 32. Kh1 {[%emt 0:03:40]} Nh4 {[%emt 0:00:23]} 33. f3 {[%emt 0:01:08]} Rg6 {[%emt 0:00:30]} 34. Rg1 {[%emt 0:00:10]} e4 {[%emt 0:01:05]} 35. dxe4 {[%emt 0:04:11]} fxe4 {[%emt 0:00:03]} 36. Qxe4 {[%emt 0:00:36]} Qxe4 {[%emt 0:00:30]} 37. fxe4 {[%emt 0:00:04]} Rf2 {[%emt 0:00:53]} 38. Bd7 {[%emt 0:00:37]} Rgxg2 {[%emt 0:00:49]} 39. Rxg2 {[%emt 0:00:08]} Rxg2 {[%emt 0:00:19]} 40. Bg4 {[%emt 0:00:37]} g6 41. Bxh6 {[%emt 0:01:43]} Rh2+ {[%emt 0:00:45]} 42. Kg1 {[%emt 0:01:10]} Rg2+ {[%emt 0:00:01]} 43. Kh1 {[%emt 0:00:44]} Rh2+ {[%emt 0:00:13]} 44. Kg1 {[%emt 0:00:01]} Rg2+ {[%emt 0:00:05]} 45. Kf1 {[%emt 0:01:20]} Bg3 {[%emt 0:00:14]} 46. Bg5 {[%emt 0:01:42]} Rf2+ {[%emt 0:00:11]} 47. Kg1 {[%emt 0:00:07]} Rg2+ {[%emt 0:00:42]} 48. Kf1 {[%emt 0:00:18]} Rf2+ {[%emt 0:01:29]} 49. Kg1 {[%emt 0:00:05]} 1/2-1/2

[Event "Saint Louis Invitational-B 2019"]
[Site "Saint Louis"]
[Date "2019.11.22"]
[Round "2.3"]
[White "Cervantes Landeiro, Thalia"]
[Black "Polgar-Shutzman, Tom"]
[Result "1/2-1/2"]
[WhiteElo "2227"]
[BlackElo "2234"]
[Annotator "ChessBase"]
[PlyCount "84"]
[EventDate "2019.11.21"]
[EventType "tourn"]
[EventCountry "USA"]
[SourceTitle "playchess.com"]
[Source "ChessBase"]
[SourceQuality "1"]
[TimeControl "5400+30"]

1. d4 {[%emt 0:00:00]} d6 {[%emt 0:00:00]} 2. c4 {[%emt 0:00:00]} e5 {[%emt 0:00:00]} 3. d5 {[%emt 0:00:00]} f5 {[%emt 0:00:00]} 4. e4 {[%emt 0:00:00]} fxe4 {[%emt 0:00:00]} 5. Nc3 {[%emt 0:00:00]} Nf6 {[%emt 0:00:00]} 6. Nge2 {[%emt 0:00:07]} Be7 {[%emt 0:00:09]} 7. Ng3 {[%emt 0:00:35]} O-O {[%emt 0:00:19]} 8. Be2 {[%emt 0:02:45]} a5 {[%emt 0:03:31]} 9. O-O {[%emt 0:05:39]} Na6 {[%emt 0:01:15]} 10. Ncxe4 {[%emt 0:03:11]} Nxe4 {[%emt 0:01:29]} 11. Nxe4 {[%emt 0:00:10]} Bf5 {[%emt 0:00:38]} 12. Ng3 {[%emt 0:00:47]} Bg6 {[%emt 0:05:49]} 13. Bd2 {[%emt 0:04:39]} b6 {[%emt 0:03:11]} 14. a3 {[%emt 0:13:09]} Nc5 {[%emt 0:04:57]} 15. b4 {[%emt 0:05:31]} axb4 {[%emt 0:00:27]} 16. axb4 {[%emt 0:00:19]} Rxa1 {[%emt 0:05:38]} 17. Qxa1 {[%emt 0:00:16]} Nb3 {[%emt 0:00:04]} 18. Qb2 {[%emt 0:00:29]} Nxd2 {[%emt 0:00:49]} 19. Qxd2 {[%emt 0:00:08]} Bg5 {[%emt 0:03:29]} 20. Qa2 {[%emt 0:03:09]} Bf4 {[%emt 0:24:42]} 21. Qa3 {[%emt 0:10:23]} Qg5 {[%emt 0:06:24]} 22. Bd3 {[%emt 0:30:44]} Bxg3 {[%emt 0:10:30]} 23. hxg3 {[%emt 0:00:18]} e4 {[%emt 0:01:16]} 24. Be2 {[%emt 0:02:33]} Qd2 {[%emt 0:01:46]} 25. Bg4 {[%emt 0:01:05]} Qd4 {[%emt 0:04:05]} 26. Qe3 {[%emt 0:04:34]} Qxe3 {[%emt 0:04:06]} 27. fxe3 {[%emt 0:00:32]} Rxf1+ {[%emt 0:01:05]} 28. Kxf1 {[%emt 0:00:02]} Kf7 {[%emt 0:13:39]} 29. Ke2 {[%emt 0:01:05]} Kf6 {[%emt 0:00:56]} 30. Kd2 {[%emt 0:03:06]} Ke5 {[%emt 0:01:58]} 31. Kc3 {[%emt 0:01:30]} b5 {[%emt 0:00:30]} 32. Be6 {[%emt 0:01:17]} Be8 {[%emt 0:01:52]} 33. Bg8 {[%emt 0:04:06]} Bh5 {[%emt 0:00:30]} 34. Bxh7 {[%emt 0:01:50]} Be2 {[%emt 0:00:20]} 35. cxb5 {[%emt 0:01:27]} Bxb5 {[%emt 0:00:54]} 36. Bg8 {[%emt 0:00:11]} Bf1 {[%emt 0:00:37]} 37. Kb3 {[%emt 0:01:17]} Bd3 {[%emt 0:00:24]} 38. Kc3 {[%emt 0:00:22]} Bf1 {[%emt 0:00:16]} 39. Kb3 {[%emt 0:00:06]} Bd3 {[%emt 0:00:07]} 40. Kc3 {[%emt 0:00:06]} Be2 {[%emt 0:01:08]} 41. Kb3 {[%emt 0:00:34]} Ba6 {[%emt 0:00:51]} 42. Kc3 {[%emt 0:00:12]} Bd3 1/2-1/2